[Event "World Blitz 2015"]
[Site "Berlin GER"]
[Date "2015.10.13"]
[Round "3.63"]
[White "Wagner, Dennis"]
[Black "Bologan, Viktor"]
[Result "0-1"]
[WhiteTitle "GM"]
[BlackTitle "GM"]
[WhiteElo "2575"]
[BlackElo "2607"]
[WhiteFideId "24650684"]
[BlackFideId "13900048"]
[EventDate "2015.10.13"]

1. d4 d5 2. c4 c6 3. Nf3 Nf6 4. Nc3 a6 5. e3 Bf5 6. Qb3 b5 7. c5 a5 8. Ne5 g6 9.
Be2 Bg7 10. g4 Be6 11. Qd1 Nfd7 12. Nd3 Na6 13. Nf4 Nc7 14. h4 a4 15. a3 h6 16.
Bd3 Nf6 17. Nxe6 Nxe6 18. Qf3 Nd7 19. Bd2 Nc7 20. h5 g5 21. Ne2 e5 22. Bf5 Ne6
23. Bc3 Qc7 24. O-O O-O 25. Kh1 Rae8 26. Rae1 Re7 27. Bc2 Rfe8 28. Qf5 Ndf8 29.
Qd3 exd4 30. exd4 Nf4 31. Nxf4 Rxe1 32. Rxe1 Rxe1+ 33. Bxe1 Qxf4 34. Bc3 Qxg4
35. Bd1 Qf4 36. Qe3 Qh4+ 37. Kg2 Ne6 38. Qg3 Qxg3+ 39. Kxg3 Bxd4 40. Bxd4 Nxd4
41. f4 f5 42. fxg5 hxg5 0-1

[Event "World Blitz 2015"]
[Site "Berlin GER"]
[Date "2015.10.13"]
[Round "3.64"]
[White "Grigoriants, Sergey"]
[Black "Carow, Johannes"]
[Result "1/2-1/2"]
[WhiteTitle "GM"]
[BlackTitle "FM"]
[WhiteElo "2603"]
[BlackElo "2431"]
[WhiteFideId "4130804"]
[BlackFideId "24692050"]
[EventDate "2015.10.13"]

1. e4 c5 2. Nf3 Nc6 3. Nc3 e5 4. Bc4 g6 5. d3 h6 6. Nd2 Bg7 7. Nf1 Nge7 8. Ne3
d6 9. O-O O-O 10. Ned5 Kh7 11. f4 exf4 12. Bxf4 Nxd5 13. Bxd5 Ne5 14. Kh1 Be6
15. Qd2 Qe7 16. Rae1 Rab8 17. a4 b6 18. h3 a6 19. Bg3 b5 20. axb5 axb5 21. Bxe6
fxe6 22. Rxf8 Qxf8 23. Nd1 Qe7 24. Rf1 Rf8 25. Rxf8 Qxf8 26. Qf2 Qxf2 27. Bxf2
Nc6 28. Bg3 d5 29. exd5 exd5 30. Bd6 c4 31. dxc4 dxc4 32. b3 Nd4 33. bxc4 bxc4
34. Ne3 c3 35. Kg1 Bf6 36. Bc5 Nb5 37. Kf2 Bd4 38. Bb4 Kg7 39. Kf3 Kf6 40. Ke4
Bxe3 41. Kxe3 Ke5 42. Kd3 Kf4 43. Kc4 Na7 44. Bxc3 Kg3 45. Bd2 Kxg2 46. Bxh6
Kxh3 47. Kd5 Nb5 48. c4 Nc7+ 49. Kd6 Na6 50. Kc6 Kg4 51. Kb6 Nb4 52. c5 Kf5 53.
Bd2 Nd5+ 54. Kb7 Ke6 55. c6 Kd6 56. Bf4+ Ke6 57. Bg5 Kf5 58. Bd2 1/2-1/2

[Event "World Blitz 2015"]
[Site "Berlin GER"]
[Date "2015.10.13"]
[Round "3.65"]
[White "Carlstedt, Jonathan"]
[Black "Fridman, Daniel"]
[Result "0-1"]
[WhiteTitle "IM"]
[BlackTitle "GM"]
[WhiteElo "2442"]
[BlackElo "2649"]
[WhiteFideId "24614386"]
[BlackFideId "11600454"]
[EventDate "2015.10.13"]

1. c4 Nf6 2. g3 e6 3. Bg2 d5 4. Nf3 d4 5. O-O c5 6. e3 Nc6 7. exd4 cxd4 8. b3
Bd6 9. Ba3 O-O 10. d3 e5 11. Re1 Re8 12. Bxd6 Qxd6 13. Nbd2 Bf5 14. Qc2 Nb4 15.
Qd1 Bxd3 16. Ng5 Nc2 17. Nde4 Nxe4 18. Nxf7 Kxf7 19. Qxd3 Nxe1 20. Qxe4 Nxg2 0-1

[Event "World Blitz 2015"]
[Site "Berlin GER"]
[Date "2015.10.13"]
[Round "3.66"]
[White "Cordeiro, Marco Aurelio Zaror"]
[Black "Borisek, Jure"]
[Result "0-1"]
[BlackTitle "GM"]
[WhiteElo "2228"]
[BlackElo "2565"]
[WhiteFideId "2117991"]
[BlackFideId "14603152"]
[EventDate "2015.10.13"]

1. e4 e5 2. Nf3 Nc6 3. Bb5 a6 4. Ba4 Nf6 5. O-O Be7 6. Re1 b5 7. Bb3 d6 8. c3
O-O 9. d4 Bg4 10. Be3 exd4 11. cxd4 d5 12. e5 Ne4 13. Nc3 Nxc3 14. bxc3 Qd7 15.
Bf4 Nd8 16. h3 Bh5 17. Qd3 Ne6 18. Bh2 Bg6 19. Qd2 Rad8 20. a4 c5 21. axb5 c4
22. Bc2 axb5 23. Reb1 Ra8 24. Bxg6 hxg6 25. Qb2 Rxa1 26. Qxa1 Rb8 27. Ne1 b4 28.
cxb4 Rxb4 29. Rxb4 Bxb4 30. Nc2 Bf8 31. Qa5 Qb7 32. Qa1 Qb3 33. Qd1 Nxd4 34. Ne3
Qxd1+ 35. Nxd1 Bb4 36. Bg3 c3 0-1

[Event "World Blitz 2015"]
[Site "Berlin GER"]
[Date "2015.10.13"]
[Round "3.67"]
[White "Bogdanovich, Stanislav"]
[Black "Lagarde, Maxime"]
[Result "1-0"]
[WhiteTitle "IM"]
[BlackTitle "GM"]
[WhiteElo "2590"]
[BlackElo "2550"]
[WhiteFideId "14115298"]
[BlackFideId "662399"]
[EventDate "2015.10.13"]

1. d4 Nf6 2. c4 e6 3. Nf3 c5 4. e3 d5 5. Nc3 a6 6. dxc5 Bxc5 7. cxd5 exd5 8. Be2
Nc6 9. O-O O-O 10. b3 Bg4 11. Bb2 Qd6 12. Rc1 Ba7 13. h3 Bxf3 14. Bxf3 Rad8 15.
Ne2 Rfe8 16. g3 Ne4 17. Bg2 Qh6 18. Nd4 Nxd4 19. Bxd4 Bb8 20. Qg4 Re6 21. Rc2
Qg6 22. Qxg6 hxg6 23. Rfc1 Ree8 24. Bb6 Rd7 25. Rc8 Re7 26. Bd8 Rd7 27. Bh4 Nd6
28. Rxe8+ Nxe8 29. Rc8 Kh7 30. Rxe8 Ba7 31. Re7 Rxe7 32. Bxe7 1-0

[Event "World Blitz 2015"]
[Site "Berlin GER"]
[Date "2015.10.13"]
[Round "3.68"]
[White "Halkias, Stelios"]
[Black "Onischuk, Vladimir"]
[Result "0-1"]
[WhiteTitle "GM"]
[BlackTitle "GM"]
[WhiteElo "2534"]
[BlackElo "2612"]
[WhiteFideId "4201809"]
[BlackFideId "14114038"]
[EventDate "2015.10.13"]

1. c4 d6 2. Nf3 g6 3. d4 Bg7 4. Nc3 Bg4 5. e3 c5 6. Be2 cxd4 7. exd4 Nc6 8. Be3
Nh6 9. d5 Bxf3 10. Bxf3 Ne5 11. Be2 Nf5 12. Bd2 h5 13. O-O Rc8 14. Rc1 a6 15.
Ne4 O-O 16. Bxh5 Rxc4 17. Rxc4 Nxc4 18. Bg4 Nxd2 19. Qxd2 Nd4 20. Ng5 f5 21. Bd1
Bf6 22. Re1 Qb6 23. h4 a5 24. a3 Kg7 25. h5 Rh8 26. hxg6 Qb5 27. Rxe7+ Bxe7 28.
Qxd4+ Bf6 29. Ne6+ Kxg6 30. Qe3 Kf7 31. Nf4 Be5 32. Nd3 Qe8 33. g3 Bf6 34. Qb6
Qe4 0-1

[Event "World Blitz 2015"]
[Site "Berlin GER"]
[Date "2015.10.13"]
[Round "3.69"]
[White "Svane, Rasmus"]
[Black "Rakhmanov, Aleksandr"]
[Result "1-0"]
[WhiteTitle "IM"]
[BlackTitle "GM"]
[WhiteElo "2543"]
[BlackElo "2637"]
[WhiteFideId "4657101"]
[BlackFideId "4173708"]
[EventDate "2015.10.13"]

1. d4 Nf6 2. c4 d6 3. Nf3 g6 4. Nc3 Bf5 5. Nh4 Bd7 6. Nf3 Bf5 7. Nh4 Bd7 8. e4
e5 9. Nf3 exd4 10. Nxd4 Bg7 11. Be2 Nc6 12. Be3 O-O 13. O-O Re8 14. f3 Nh5 15.
Qd2 Nxd4 16. Bxd4 Nf4 17. Rfd1 Bxd4+ 18. Qxd4 Bc6 19. Bf1 Ne6 20. Qd2 a5 21. b3
Qf6 22. Rac1 Qe5 23. Qf2 f5 24. exf5 Qxf5 25. Bd3 Qc5 26. Be4 Qxf2+ 27. Kxf2 Nc5
28. Bc2 Rab8 29. Re1 Kf7 30. a3 Rxe1 31. Kxe1 Ne6 32. Kd2 Nf4 33. g3 Ne6 34. f4
Nd4 35. Bd1 h5 36. b4 axb4 37. axb4 Ra8 38. Kd3 Ne6 39. Kc2 Nd4+ 40. Kd3 Ne6 41.
Kc2 Re8 42. Kd3 Bg2 43. Ra1 Nd8 44. Ba4 Re7 45. Kd2 Kf6 46. Re1 Rxe1 47. Kxe1 c6
48. Kf2 Bh3 49. Bc2 Ne6 50. Ke3 Bf5 51. Bb3 c5 52. bxc5 dxc5 53. Bd1 Nd4 54. Na4
Ne6 55. Bf3 Bc2 56. Nc3 Bb3 57. Bxb7 Bxc4 58. Bc8 Ke7 59. Ne4 Bd5 60. Nc3 Bc6
61. Ba6 Nd4 62. Bd3 Kf6 63. Be4 Nf5+ 64. Kd3 Bd7 65. Bd5 Nd6 66. Bf3 Bf5+ 67.
Ke3 Nc4+ 68. Ke2 Nd6 69. Ke3 Be6 70. Bc6 Nc4+ 71. Kd3 Nd6 72. Ke3 Kf5 73. Ba4
Nc4+ 74. Kf3 Nd6 75. Bc2+ Kf6 76. Ke3 Bf5 77. Bb3 Ke7 78. Nd5+ Kd7 79. Ba4+ Ke6
80. Nc7+ Kf7 81. Nd5 Be6 82. Nc3 Nc4+ 83. Ke2 Nb6 84. Bc2 Bf5 85. Bb3+ Ke7 86.
Nd5+ Nxd5 87. Bxd5 Kd6 88. Bc4 Be6 89. Bd3 Bf7 90. Ke3 Kd5 91. Be4+ Kc4 92. h3
Kb3 93. g4 h4 94. g5 c4 95. f5 gxf5 96. Bxf5 c3 97. g6 Bg8 98. Kf4 c2 99. Bxc2+
Kxc2 100. Kg5 Kd3 101. Kxh4 Ke4 102. Kg5 Ke5 103. h4 Ke6 104. h5 Ke7 105. h6 Kf8
106. Kf6 Bf7 107. h7 Bg8 108. g7+ 1-0

[Event "World Blitz 2015"]
[Site "Berlin GER"]
[Date "2015.10.13"]
[Round "3.70"]
[White "Godena, Michele"]
[Black "Dlugy, Maxim"]
[Result "0-1"]
[WhiteTitle "GM"]
[BlackTitle "GM"]
[WhiteElo "2513"]
[BlackElo "2518"]
[WhiteFideId "800090"]
[BlackFideId "2000075"]
[EventDate "2015.10.13"]

1. e4 d5 2. exd5 Qxd5 3. Nc3 Qd6 4. d4 c6 5. g3 Nf6 6. Bg2 g6 7. Nge2 Bg7 8. O-O
O-O 9. Re1 Na6 10. Bf4 Qd8 11. Be5 Bf5 12. Nf4 Nb4 13. Rc1 h5 14. h3 Qc8 15. a3
Na6 16. d5 Rd8 17. Qe2 Nb8 18. Bxb8 Rxb8 19. Qxe7 cxd5 20. Ncxd5 Nxd5 21. Bxd5
Rd7 22. Bxf7+ Kh7 23. Bxg6+ Bxg6 24. Qg5 Rd6 25. Rcd1 Qd8 26. Qxd8 Rbxd8 27.
Rxd6 Rxd6 28. Nxg6 Kxg6 29. c3 Rd2 30. b4 Bxc3 31. Re7 Bd4 32. Rxb7 Rxf2 33. Rd7
Rf4+ 34. Kg2 Re4 35. Kf3 Re3+ 36. Kf4 Bb6 37. Rd6+ Kg7 38. g4 Rxa3 39. Rd7+ Kg8
40. gxh5 Rxh3 41. Kg5 Rg3+ 42. Kf6 Rg4 43. Kf5 Rxb4 44. h6 Rb1 45. h7+ Kh8 46.
Kg6 Rg1+ 47. Kh6 Be3+ 48. Kh5 Rg7 49. Rd3 Bb6 50. Kh6 Rxh7+ 51. Kg6 Rg7+ 52. Kh6
Kg8 53. Rc3 Rc7 54. Rd3 Kf7 55. Kg5 Ke6 56. Kf4 Rc4+ 57. Kf3 Rd4 58. Rc3 0-1

[Event "World Blitz 2015"]
[Site "Berlin GER"]
[Date "2015.10.13"]
[Round "3.71"]
[White "Hovhannisyan, Mher"]
[Black "Bauer, Christian"]
[Result "0-1"]
[WhiteTitle "IM"]
[BlackTitle "GM"]
[WhiteElo "2499"]
[BlackElo "2623"]
[WhiteFideId "13300865"]
[BlackFideId "603767"]
[EventDate "2015.10.13"]

1. e4 Nc6 2. Nc3 e6 3. Nf3 Bb4 4. d4 d6 5. Bb5 a6 6. Bxc6+ bxc6 7. O-O Bxc3 8.
bxc3 Ne7 9. Rb1 a5 10. Re1 O-O 11. e5 h6 12. Qd3 Ba6 13. Qe4 Bc4 14. Qg4 Kh8 15.
Qh5 Ng8 16. a4 Bd5 17. Bf4 Rb8 18. Rxb8 Qxb8 19. Ng5 g6 20. Qh4 Kg7 21. Nf3 Bxf3
22. gxf3 d5 23. Bc1 Qd8 24. Qf4 Qe7 25. Bb2 Rb8 26. Qc1 Qh4 27. Ba3 Qg5+ 28. Kh1
Qf5 29. Kg2 Re8 30. Qe3 g5 31. Qd3 Ne7 32. Qxf5 Nxf5 33. Rb1 f6 34. Rb7 Rc8 35.
Bd6 Kg6 36. Rxc7 Rb8 37. Rxc6 Rb2 38. Bc7 Kf7 39. Bxa5 Rxc2 40. Rc7+ Kg6 41. Rc6
Kf7 42. Rc7+ Kg6 43. Rc6 fxe5 44. Rxe6+ Kh5 45. Rxe5 Nh4+ 46. Kg3 Rc1 47. Rxd5
Rg1+ 48. Kh3 Ng6 49. Bc7 Ra1 50. a5 Ne7 51. Rc5 Kg6 52. Be5 Nf5 53. Bg3 h5 54.
Rc6+ Kf7 55. Be5 Nh4 56. a6 Ke8 57. Rc8+ Kd7 58. Rc7+ Ke6 59. Rg7 Nxf3 60. Rxg5
Nxg5+ 61. Kh4 Nf3+ 62. Kg3 Nxe5 63. dxe5 Rxa6 0-1

[Event "World Blitz 2015"]
[Site "Berlin GER"]
[Date "2015.10.13"]
[Round "3.72"]
[White "Romanov, Evgeny"]
[Black "Sawlin, Leonid"]
[Result "1/2-1/2"]
[WhiteTitle "GM"]
[WhiteElo "2573"]
[BlackElo "2258"]
[WhiteFideId "4148843"]
[BlackFideId "4689542"]
[EventDate "2015.10.13"]

1. d4 e6 2. Nf3 d5 3. Bg5 Nf6 4. Nbd2 Be7 5. e3 O-O 6. Bd3 Nbd7 7. O-O Re8 8.
Ne5 Nxe5 9. dxe5 Nd7 10. Bxe7 Qxe7 11. f4 c5 12. c4 b6 13. cxd5 exd5 14. Qh5 Nf8
15. Nf3 g6 16. Qh6 f5 17. exf6 Qxf6 18. Ne5 Bf5 19. Bb5 Re7 20. Rad1 Be4 21. Rd2
a6 22. Bd3 Bxd3 23. Rxd3 Rd8 24. Rfd1 Qe6 25. Qh4 Rd6 26. h3 Re8 27. Qg5 Nd7 28.
Nxd7 Rxd7 29. Rxd5 Qxe3+ 30. Kh2 Rf7 31. Rd8 Rxd8 32. Rxd8+ Kg7 33. Rd6 b5 34.
Qe5+ Qxe5 35. fxe5 Rf2 36. Rxa6 Rxb2 37. Rc6 c4 38. a4 bxa4 39. Rxc4 a3 40. Ra4
a2 41. Ra7+ Kg8 42. e6 Re2 43. h4 h5 44. Kh3 Re3+ 45. Kh2 Re2 46. Kh3 1/2-1/2

[Event "World Blitz 2015"]
[Site "Berlin GER"]
[Date "2015.10.13"]
[Round "3.74"]
[White "Roiz, Michael"]
[Black "Polzin, Rainer"]
[Result "1-0"]
[WhiteTitle "GM"]
[BlackTitle "GM"]
[WhiteElo "2600"]
[BlackElo "2416"]
[WhiteFideId "2804158"]
[BlackFideId "4610741"]
[EventDate "2015.10.13"]

1. Nf3 Nf6 2. g3 c5 3. Bg2 g6 4. c4 Nc6 5. d4 d6 6. dxc5 dxc5 7. Qxd8+ Nxd8 8.
Nc3 Bg7 9. O-O O-O 10. Ne5 Ng4 11. Nd3 Ne5 12. Nxc5 Nxc4 13. Rd1 Ne6 14. Nb3 Rd8
15. Rxd8+ Nxd8 16. Nd5 Nc6 17. Bg5 Bxb2 18. Rd1 Bg4 19. Nxe7+ Nxe7 20. Bxe7 Re8
21. Rd8 Rxd8 22. Bxd8 b6 23. e3 Be6 24. Bc7 a5 25. Nd4 Bd7 26. Bf1 b5 27. a4 Nd2
28. Bxb5 Bg4 29. Bxa5 Ne4 1-0

[Event "World Blitz 2015"]
[Site "Berlin GER"]
[Date "2015.10.13"]
[Round "3.75"]
[White "Hilverda, Alexander"]
[Black "Khairullin, Ildar"]
[Result "1/2-1/2"]
[BlackTitle "GM"]
[WhiteElo "2384"]
[BlackElo "2652"]
[WhiteFideId "4695437"]
[BlackFideId "4151348"]
[EventDate "2015.10.13"]

1. d4 f5 2. g3 Nf6 3. Bg2 g6 4. c4 Bg7 5. Nc3 O-O 6. Nf3 d6 7. O-O c6 8. d5 e5
9. dxe6 Bxe6 10. Qd3 Qe7 11. b3 Na6 12. Bb2 Nc5 13. Qc2 Rad8 14. Rad1 Ng4 15. h3
Nf6 16. Nd4 a5 17. Nxe6 Qxe6 18. e3 Nh5 19. Ne2 Be5 20. Nf4 Nxf4 21. gxf4 Bxb2
22. Qxb2 Qf6 23. Qxf6 Rxf6 24. Rd2 Kf8 25. Rfd1 Ke7 26. Bf3 Re6 27. Kf1 Ra8 28.
Ke2 Ra6 29. h4 h5 30. Rb2 Rb6 31. Rdb1 Kd7 32. Kd2 Kc7 33. Kc3 Nd7 34. Rg1 Ra6
35. a3 Ra8 36. Ra2 Nf6 37. Rga1 Ng4 38. Bxg4 hxg4 39. Rh1 Re7 40. Raa1 Rh7 41.
Rh2 Rh5 42. Rah1 Re8 43. Kd4 Re4+ 44. Kd3 Kb6 45. Rf1 Kc5 46. f3 gxf3 47. Rxf3
d5 48. cxd5 Kxd5 49. Rg3 Re6 50. Rhg2 Rh6 51. Rg5 Rd6 52. Ke2 Ke4 53. h5 Rxh5
54. Rxh5 gxh5 55. Rg5 h4 56. Rh5 Rg6 57. Rxh4 Rg2+ 58. Kd1 Rb2 1/2-1/2

[Event "World Blitz 2015"]
[Site "Berlin GER"]
[Date "2015.10.13"]
[Round "3.76"]
[White "Berend, Elvira"]
[Black "Motylev, Alexander"]
[Result "0-1"]
[WhiteTitle "WGM"]
[BlackTitle "GM"]
[WhiteElo "2370"]
[BlackElo "2649"]
[WhiteFideId "4000510"]
[BlackFideId "4121830"]
[EventDate "2015.10.13"]

1. d4 Nf6 2. c4 e6 3. Nc3 Bb4 4. a3 Bxc3+ 5. bxc3 d5 6. e3 O-O 7. Bd3 c5 8. Ne2
Nc6 9. O-O b6 10. cxd5 exd5 11. Ng3 Re8 12. dxc5 bxc5 13. c4 d4 14. exd4 Nxd4
15. Bg5 h6 16. Bf4 Bg4 17. Qa4 Ne6 18. Be4 Nxe4 19. Nxe4 Nxf4 20. Nxc5 Qg5 21.
Rfe1 Rxe1+ 22. Rxe1 Bd7 0-1

[Event "World Blitz 2015"]
[Site "Berlin GER"]
[Date "2015.10.13"]
[Round "3.77"]
[White "Valdes Romero, Leonardo"]
[Black "Rublevsky, Sergei"]
[Result "0-1"]
[WhiteTitle "IM"]
[BlackTitle "GM"]
[WhiteElo "2362"]
[BlackElo "2702"]
[WhiteFideId "6500331"]
[BlackFideId "4115309"]
[EventDate "2015.10.13"]

1. Nf3 d5 2. g3 Bg4 3. Bg2 c6 4. O-O Nd7 5. d3 e5 6. Nbd2 Be7 7. h3 Bh5 8. e4
Ngf6 9. Qe1 dxe4 10. dxe4 O-O 11. Nc4 Qc7 12. a4 Rfe8 13. Bg5 Bg6 14. Nh4 Nc5
15. Nxg6 hxg6 16. Bxf6 Bxf6 17. Qe2 Ne6 18. c3 b6 19. h4 Nc5 20. b4 Nb7 21. Rfd1
a5 22. b5 cxb5 23. axb5 Rad8 24. Ne3 Rxd1+ 25. Qxd1 Qxc3 26. Nd5 Qd4 27. Qxd4
exd4 28. Nxb6 d3 29. Rd1 Nc5 30. Nd5 a4 31. Bf1 a3 32. Nxf6+ gxf6 33. Ra1 Ra8
34. b6 d2 35. Be2 a2 36. Kg2 Kf8 37. Kf3 Ra3+ 38. Kg2 Ke7 39. Kf1 Kd6 40. f4 Nb3
41. b7 Kc7 42. Rxa2 Rxa2 0-1

[Event "World Blitz 2015"]
[Site "Berlin GER"]
[Date "2015.10.13"]
[Round "3.78"]
[White "Ernst, Sipke"]
[Black "Van Wely, Loek"]
[Result "1-0"]
[WhiteTitle "GM"]
[BlackTitle "GM"]
[WhiteElo "2527"]
[BlackElo "2632"]
[WhiteFideId "1004689"]
[BlackFideId "1000268"]
[EventDate "2015.10.13"]

1. d4 Nf6 2. Nf3 e6 3. c4 d5 4. e3 c5 5. a3 cxd4 6. exd4 Nc6 7. Nc3 Be7 8. Bd3
dxc4 9. Bxc4 O-O 10. O-O b6 11. Ba2 Bb7 12. Re1 Rc8 13. Qd3 Qd6 14. Bg5 Rfd8 15.
Rad1 g6 16. d5 Nxd5 17. Nxd5 exd5 18. Bxd5 Rc7 19. Bxf7+ Kxf7 20. Qb3+ Kg7 21.
Rxd6 Rxd6 22. Qc3+ Bf6 23. Bxf6+ Rxf6 24. g4 h6 25. h4 Kf7 26. Ne5+ Kg8 27. Nd7
Rf7 28. Re8+ 1-0

[Event "World Blitz 2015"]
[Site "Berlin GER"]
[Date "2015.10.13"]
[Round "3.79"]
[White "Teske, Henrik"]
[Black "Fedorchuk, Sergey A."]
[Result "1-0"]
[WhiteTitle "GM"]
[BlackTitle "GM"]
[WhiteElo "2475"]
[BlackElo "2635"]
[WhiteFideId "4611500"]
[BlackFideId "14102536"]
[EventDate "2015.10.13"]

1. c4 e5 2. Nc3 Nc6 3. g3 Bc5 4. Bg2 a6 5. e3 d6 6. Nge2 h5 7. d4 Ba7 8. Bxc6+
bxc6 9. dxe5 h4 10. exd6 cxd6 11. Nf4 Nf6 12. Qf3 Bd7 13. b3 Rc8 14. Bb2 Bg4 15.
Qg2 h3 16. Qf1 Qe7 17. Qd3 Bf3 18. O-O Ng4 19. Nce2 Ne5 20. Qc2 g5 21. Nd3 Be4
22. Bxe5 dxe5 23. Nc3 Bg2 24. Rfd1 Qf6 25. Ne1 g4 26. Ne4 Bxe4 27. Qxe4 Rh5 28.
Qxg4 Qf5 29. Qxf5 Rxf5 30. Rd6 Ke7 31. Rad1 Bc5 32. Rh6 Bb4 33. Nc2 Bc3 34. Rxh3
a5 35. Rh6 a4 36. b4 Rg5 37. Kg2 a3 38. c5 Bb2 39. Rdd6 e4 40. Nd4 Bxd4 41. Rxd4
Re5 42. Rh4 f5 43. Rh7+ Kf6 44. Rd6+ Re6 45. Rh6+ 1-0

[Event "World Blitz 2015"]
[Site "Berlin GER"]
[Date "2015.10.13"]
[Round "3.80"]
[White "Nikolic, Predrag"]
[Black "Thiede, Lars"]
[Result "1-0"]
[WhiteTitle "GM"]
[BlackTitle "IM"]
[WhiteElo "2603"]
[BlackElo "2437"]
[WhiteFideId "14400014"]
[BlackFideId "4607759"]
[EventDate "2015.10.13"]

1. d4 g6 2. Nf3 Bg7 3. g3 Nf6 4. Bg2 O-O 5. c4 d6 6. O-O Nbd7 7. Nc3 e5 8. e4 a6
9. dxe5 Nxe5 10. Nxe5 dxe5 11. h3 c6 12. Be3 Be6 13. c5 Qxd1 14. Rfxd1 Rfd8 15.
b3 Bf8 16. Na4 Be7 17. f4 exf4 18. gxf4 Rxd1+ 19. Rxd1 Rd8 20. Rxd8+ Bxd8 21.
Kf2 Bc7 22. Nb2 Nh5 23. Nd3 a5 24. Kf3 a4 25. bxa4 Bxa2 26. Bd4 Bb3 27. Be5 Ba5
28. Nb2 Bd2 29. Bf1 f6 30. Bc7 Kg7 31. Bc4 Bc2 32. Be6 Bc3 33. Nc4 Bb3 34. a5
Bd1+ 35. Ke3 Bb3 36. f5 g5 37. Nd6 Bxe6 38. fxe6 Kf8 39. Nf5 Ke8 1-0

[Event "World Blitz 2015"]
[Site "Berlin GER"]
[Date "2015.10.13"]
[Round "3.81"]
[White "Postny, Evgeny"]
[Black "Ladva, Ottomar"]
[Result "0-1"]
[WhiteTitle "GM"]
[BlackTitle "IM"]
[WhiteElo "2658"]
[BlackElo "2423"]
[WhiteFideId "2804344"]
[BlackFideId "4500024"]
[EventDate "2015.10.13"]

1. d4 Nf6 2. c4 e6 3. Nf3 d5 4. g3 Bb4+ 5. Bd2 Be7 6. Bg2 O-O 7. O-O c6 8. Bf4
b6 9. Nc3 Ba6 10. cxd5 cxd5 11. Ne5 Bb7 12. Rc1 Nbd7 13. Nb5 Nxe5 14. Bxe5 a6
15. Rc7 Rb8 16. Na3 Nd7 17. Bf4 e5 18. Rxb7 Rxb7 19. dxe5 Bxa3 20. bxa3 Nc5 21.
Qxd5 Qxd5 22. Bxd5 Rd7 23. e4 Rc8 24. Be3 Rdd8 25. Rb1 b5 26. f4 Na4 27. Re1 Rc3
28. e6 fxe6 29. Bxe6+ Kf8 30. Bd5 Rxa3 31. Bb3 Rd3 32. e5 Raxb3 33. axb3 Rxb3
34. f5 b4 35. e6 Rd3 36. Kf2 b3 37. Ke2 Rd5 38. Bd2 Rxf5 39. Kd3 Rd5+ 40. Ke2
Re5+ 41. Be3 Rxe6 42. Kd3 Ke8 43. Rb1 b2 44. Bd2 Rd6+ 45. Kc2 Rc6+ 46. Kd3 Nc5+
47. Ke2 Rb6 48. Be3 Na4 49. Bxb6 Nc3+ 50. Kd3 Nxb1 51. Kc2 Na3+ 0-1

[Event "World Blitz 2015"]
[Site "Berlin GER"]
[Date "2015.10.13"]
[Round "3.82"]
[White "Seirawan, Yasser"]
[Black "Pham, Le Thao Nguyen"]
[Result "1-0"]
[WhiteTitle "GM"]
[BlackTitle "IM"]
[WhiteElo "2620"]
[BlackElo "2319"]
[WhiteFideId "2000032"]
[BlackFideId "12401226"]
[EventDate "2015.10.13"]

1. d4 d5 2. c4 c6 3. Nc3 Nf6 4. cxd5 cxd5 5. Bf4 Nc6 6. e3 Bf5 7. Nf3 e6 8. Ne5
Nd7 9. Bb5 Ncxe5 10. Bxe5 a6 11. Bxd7+ Qxd7 12. O-O f6 13. Bg3 b5 14. Rc1 Be7
15. Ne2 Bd8 16. Qd2 O-O 17. Qc3 Rf7 18. Nf4 g5 19. Nd3 Bxd3 20. Qxd3 Rc8 21. Rc2
Bb6 22. Rfc1 Rff8 23. h4 g4 24. Kh2 Kg7 25. a3 h5 26. Rc3 Rc4 27. b3 Rcc8 28.
Qc2 Rxc3 29. Qxc3 Rd8 30. Qc6 Qxc6 31. Rxc6 Ba5 32. b4 1-0

[Event "World Blitz 2015"]
[Site "Berlin GER"]
[Date "2015.10.13"]
[Round "3.83"]
[White "Carstensen, Jacob"]
[Black "Agrest, Evgenij"]
[Result "0-1"]
[WhiteTitle "IM"]
[BlackTitle "GM"]
[WhiteElo "2352"]
[BlackElo "2596"]
[WhiteFideId "1404180"]
[BlackFideId "1705024"]
[EventDate "2015.10.13"]

1. d4 d5 2. c4 c6 3. Nf3 Nf6 4. e3 a6 5. Bd3 Bg4 6. Nbd2 e6 7. O-O Nbd7 8. b3
Bd6 9. h3 Bh5 10. Qc2 O-O 11. Bb2 Qb8 12. Rae1 Rc8 13. c5 Bc7 14. b4 a5 15. b5
cxb5 16. Bxb5 Nf8 17. Ne5 Bxe5 18. dxe5 N6d7 19. Bd4 Nxe5 20. Qb2 f6 21. Rb1 Qc7
22. f4 Nc6 23. Bxc6 bxc6 24. Qb7 Bg6 25. Qxc7 Rxc7 26. Rb2 Nd7 27. Rc1 a4 28. a3
Re8 29. Rb4 Ra7 30. g4 e5 31. Bc3 Nxc5 32. Rb6 Nd3 33. Rcb1 exf4 34. exf4 Nxf4
35. Rb8 Ne2+ 36. Kf2 Nxc3 0-1

[Event "World Blitz 2015"]
[Site "Berlin GER"]
[Date "2015.10.13"]
[Round "3.85"]
[White "Wendt, Jan-Dietrich"]
[Black "Rasmussen, Allan Stig"]
[Result "1-0"]
[WhiteTitle "FM"]
[BlackTitle "GM"]
[WhiteElo "2332"]
[BlackElo "2498"]
[WhiteFideId "4623797"]
[BlackFideId "1406000"]
[EventDate "2015.10.13"]

1. Nf3 d5 2. d4 Nf6 3. c4 dxc4 4. e3 e6 5. Bxc4 c5 6. O-O a6 7. Bb3 cxd4 8. exd4
Be7 9. Nc3 O-O 10. Re1 Nc6 11. Bg5 b5 12. d5 exd5 13. Nxd5 Nxd5 14. Qxd5 Bxg5
15. Nxg5 Qxd5 16. Bxd5 Bd7 17. Rad1 Rad8 18. Nxf7 Rxf7 19. Bxc6 Kf8 20. Rd6 Re8
21. Rxe8+ Kxe8 22. Rxd7 Rxd7 23. Kf1 1-0

[Event "World Blitz 2015"]
[Site "Berlin GER"]
[Date "2015.10.13"]
[Round "3.86"]
[White "Shabalov, Alexander"]
[Black "Ben Artzi, Ido"]
[Result "1-0"]
[WhiteTitle "GM"]
[BlackTitle "IM"]
[WhiteElo "2522"]
[BlackElo "2419"]
[WhiteFideId "2008572"]
[BlackFideId "2810913"]
[EventDate "2015.10.13"]

1. Nf3 g6 2. c4 Bg7 3. e4 e5 4. Nc3 Nc6 5. g3 d6 6. Bg2 Nge7 7. O-O O-O 8. d3 h6
9. Nd5 Nxd5 10. cxd5 Ne7 11. d4 f5 12. dxe5 dxe5 13. Qb3 Kh7 14. exf5 Nxf5 15.
Re1 Qf6 16. Qc2 Qb6 17. Nxe5 Nd4 18. Qd1 Bf5 19. g4 Bc2 20. Qd2 Rae8 21. Nc4
Rxe1+ 22. Qxe1 Qa6 23. Ne3 Nb3 24. Nxc2 Nxa1 25. Nxa1 Qxa2 26. Nc2 Qb3 27. Ne3
Re8 28. h4 Qd3 29. h5 gxh5 30. gxh5 Bd4 31. Bd2 Rg8 32. Bc3 Bc5 33. Bb4 Bd4 34.
Qc1 Bb6 35. Qc3 Qb1+ 36. Nf1 Qe4 37. Ng3 Qb1+ 38. Kh2 Bxf2 39. Be4+ 1-0